| 000 | 00499nam a22001697a 4500 | ||
|---|---|---|---|
| 003 | 0 | ||
| 005 | 20240604114134.0 | ||
| 008 | 220804b xxu||||| |||| 00| 0 eng d | ||
| 020 | _a978-981-49-8651-9 | ||
| 050 |
_aHB172 _b.B38 2022 |
||
| 100 | _aBaumol, William J. | ||
| 245 |
_aBasic microeconomics _cWilliam J. Baumol; Alan S. Blinder; John L. Solow |
||
| 260 |
_aAustralia _bCengage _c2022 |
||
| 300 |
_aviii,365pp. _c25cm. _eIncludes index. _fBook |
||
| 500 | _aMicroeconomics. | ||
| 942 |
_2lcc _cBK |
||
| 999 |
_c364766 _d364766 |
||